00277nam a2200097 a 4500008004100000050001500041100001900056245008600075260000900161350000900170120416s1972 xx |||||||||||||| || u aTS 670 Rid aRideal, Eric K10aIndustrial electrometallurgy, including electrolytic and electrothermal processes c1972 a0.00